Statistics for Stephen Curry

Click here to take the quiz!

General Stats

  • This quiz has been taken 180 times
  • The average score is 5 of 9

Answer Stats

Hint Answer % Correct
What Year was he drafted2009
92%
what is his brothers nameseth
86%
who is his fellow 3 pt brotherklay thompson
78%
how many points did he score in 2015 3 pt contest27
70%
how many 3s did he make during the 2016 season402
56%
what is his moms namesonya
45%
what team passed up steph curry with the sixth pick in the 2009 draftknicks
17%
What is Stephen Curry's Real NameWardell Jr.
9%
what is his fathers nameWardell Sr.
5%

Score Distribution

Percentile by Number Answered

Percent of People with Each Score

Your Score History

You have not taken this quiz